MARC details
| 000 -LEADER |
| fixed length control field |
03270cam a22005414a 4500 |
| 001 - CONTROL NUMBER |
| control field |
ocn156832007 |
| 003 - CONTROL NUMBER IDENTIFIER |
| control field |
TZ-ArACH |
| 005 - DATE AND TIME OF LATEST TRANSACTION |
| control field |
20130514111033.0 |
| 008 - FIXED-LENGTH DATA ELEMENTS--GENERAL INFORMATION |
| fixed length control field |
080807s2008 enka b 001 0 eng |
| 010 ## - LIBRARY OF CONGRESS CONTROL NUMBER |
| LC control number |
2008276137 |
| 015 ## - NATIONAL BIBLIOGRAPHY NUMBER |
| National bibliography number |
GBA786845 |
| Source |
bnb |
| 015 ## - NATIONAL BIBLIOGRAPHY NUMBER |
| National bibliography number |
GBA786845 |
| Source |
dnb |
| 016 7# - NATIONAL BIBLIOGRAPHIC AGENCY CONTROL NUMBER |
| Record control number |
014200443 |
| Source |
Uk |
| 020 ## - INTERNATIONAL STANDARD BOOK NUMBER |
| International Standard Book Number |
9781842779507 (pb) |
| 020 ## - INTERNATIONAL STANDARD BOOK NUMBER |
| International Standard Book Number |
1842779508 (pb) |
| 024 1# - OTHER STANDARD IDENTIFIER |
| Standard number or code |
40015655215 |
| 035 ## - SYSTEM CONTROL NUMBER |
| System control number |
(OCoLC)156832007 |
| Canceled/invalid control number |
(OCoLC)170955141 |
| -- |
(OCoLC)497019518 |
| 040 ## - CATALOGING SOURCE |
| Original cataloging agency |
DLC |
| Language of cataloging |
eng |
| Transcribing agency |
TZ-ArACH |
| Modifying agency |
UKM |
| -- |
BTCTA |
| -- |
YDXCP |
| -- |
BAKER |
| -- |
BWKUK |
| -- |
BWK |
| -- |
BWX |
| -- |
COO |
| -- |
YUS |
| -- |
VP@ |
| -- |
CRH |
| -- |
MUQ |
| -- |
IG# |
| -- |
CPE |
| -- |
BTN |
| -- |
KAAUA |
| -- |
GEBAY |
| -- |
STF |
| -- |
SHS |
| -- |
HEBIS |
| -- |
ALAUL |
| -- |
DEBBG |
| -- |
OCLCQ |
| 041 ## - LANGUAGE CODE |
| Language code of text/sound track or separate title |
Eng |
| 042 ## - AUTHENTICATION CODE |
| Authentication code |
pcc |
| 043 ## - GEOGRAPHIC AREA CODE |
| Geographic area code |
f-sj--- |
| 049 ## - LOCAL HOLDINGS (OCLC) |
| Holding library |
TZAA |
| 050 00 - LIBRARY OF CONGRESS CALL NUMBER |
| Classification number |
DT157.673 |
| Item number |
.F58 |
| 082 00 - DEWEY DECIMAL CLASSIFICATION NUMBER |
| Classification number |
962.704/3 |
| Edition number |
22 |
| 100 1# - MAIN ENTRY--PERSONAL NAME |
| Personal name |
Flint, Julie. |
| 9 (RLIN) |
10269 |
| 245 10 - TITLE STATEMENT |
| Title |
Darfur : a new history of a long war / |
| Remainder of title |
a new history of a long war / |
| Statement of responsibility, etc |
Julie Flint & Alex de Waal. |
| 250 ## - EDITION STATEMENT |
| Edition statement |
Rev. & updated ed. |
| 260 ## - PUBLICATION, DISTRIBUTION, ETC. (IMPRINT) |
| Place of publication, distribution, etc |
London ; |
| -- |
New York : |
| Name of publisher, distributor, etc |
Zed Books ; |
| Place of publication, distribution, etc |
New York : |
| Name of publisher, distributor, etc |
Distributed in the USA exclusively by Palgrave Macmillan, |
| Date of publication, distribution, etc |
2008. |
| 300 ## - PHYSICAL DESCRIPTION |
| Extent |
320 p. : |
| Other physical details |
ill. ; |
| Dimensions |
21 cm. |
| 490 1# - SERIES STATEMENT |
| Series statement |
African arguments |
| 504 ## - BIBLIOGRAPHY, ETC. NOTE |
| Bibliography, etc |
Includes bibliographical references and index. |
| 505 0# - FORMATTED CONTENTS NOTE |
| Formatted contents note |
Maps : Sudan ; Darfur -- 1. The people of Darfur -- 2. The Sudan government -- 3. The Janjawiid -- 4. The rebels -- 5. A war of total destruction, 2003-04 -- 6. Wars within wars, 2005-06 -- 7. International reaction -- 8. The Abuja peace talks -- 9. Endless chaos -- Chronology -- Glossary -- Dramatis personae. |
| 520 1# - SUMMARY, ETC. |
| Summary, etc |
"Written by two authors with unparalleled first-hand experience of Darfur, this book is the definitive guide. Newly updated and hugely expanded, this edition details Darfur's history. It traces the origins, organization and ideology of the infamous Janjawiid and rebel groups. It also analyses the brutal response of the Sudanese government. The authors investigate the responses by the African Union and the international community, including the halting peace talks and the attempts at civilian protection. Flint and de Waal provide an authoritative and compelling account of contemporary Africa's most controversial conflict."--Jacket. |
| 651 #0 - SUBJECT ADDED ENTRY--GEOGRAPHIC NAME |
| Geographic name |
Sudan |
| General subdivision |
History |
| Chronological subdivision |
Civil War, 1983-2005. |
| 9 (RLIN) |
10270 |
| 651 #0 - SUBJECT ADDED ENTRY--GEOGRAPHIC NAME |
| Geographic name |
Sudan |
| General subdivision |
History |
| Chronological subdivision |
Darfur Conflict, 2003- |
| 9 (RLIN) |
10271 |
| 651 #0 - SUBJECT ADDED ENTRY--GEOGRAPHIC NAME |
| Geographic name |
Darfur (Sudan) |
| General subdivision |
History. |
| 9 (RLIN) |
10272 |
| 651 #6 - SUBJECT ADDED ENTRY--GEOGRAPHIC NAME |
| Geographic name |
Soudan |
| General subdivision |
Histoire |
| Chronological subdivision |
2003- (Conflit du Darfour) |
| 9 (RLIN) |
10273 |
| 651 #6 - SUBJECT ADDED ENTRY--GEOGRAPHIC NAME |
| Geographic name |
Darfour (Soudan) |
| General subdivision |
Histoire. |
| 9 (RLIN) |
10274 |
| 651 #7 - SUBJECT ADDED ENTRY--GEOGRAPHIC NAME |
| Geographic name |
Darfur. |
| Source of heading or term |
swd |
| 9 (RLIN) |
10275 |
| 700 1# - ADDED ENTRY--PERSONAL NAME |
| Personal name |
De Waal, Alexander. |
| 9 (RLIN) |
10276 |
| 710 2# - ADDED ENTRY--CORPORATE NAME |
| Corporate name or jurisdiction name as entry element |
International African Institute. |
| 9 (RLIN) |
10277 |
| 776 08 - ADDITIONAL PHYSICAL FORM ENTRY |
| Display text |
Online version: |
| Main entry heading |
Flint, Julie. |
| Title |
Darfur. |
| Edition |
Rev. & updated ed. |
| Place, publisher, and date of publication |
London ; New York : Zed Books ; New York : Distributed in the USA exclusively by Palgrave Macmillan, 2008 |
| Record control number |
(OCoLC)646536138 |
| 830 #0 - SERIES ADDED ENTRY--UNIFORM TITLE |
| Uniform title |
African arguments. |
| 9 (RLIN) |
10278 |
| 856 41 - ELECTRONIC LOCATION AND ACCESS |
| Materials specified |
ebrary |
| Uniform Resource Identifier |
<a href="http://site.ebrary.com/id/10255127">http://site.ebrary.com/id/10255127</a> |
| 856 41 - ELECTRONIC LOCATION AND ACCESS |
| Materials specified |
Table of contents |
| Uniform Resource Identifier |
<a href="http://bvbr.bib-bvb.de:8991/F?func=service&doc_library=BVB01&doc_number=016606144&line_number=0001&func_code=DB_RECORDS&service_type=MEDIA">http://bvbr.bib-bvb.de:8991/F?func=service&doc_library=BVB01&doc_number=016606144&line_number=0001&func_code=DB_RECORDS&service_type=MEDIA</a> |
| 942 ## - ADDED ENTRY ELEMENTS (KOHA) |
| Source of classification or shelving scheme |
Library of Congress Classification |
| Koha item type |
Books |